Statistics for 2019 MLB Postseason Stats

Click here to take the quiz!

General Stats

  • This quiz has been taken 33 times
  • The average score is 4 of 16

Answer Stats

Statistic(s)Player Name% Correct
14 RBIJuan Soto
85%
5 HR, 9 RBIJose Altuve
67%
47 K (pitcher)Gerrit Cole
56%
15 RBIAnthony Rendon
52%
47 K (pitcher)Stephen Strasburg
48%
3 WMax Scherzer
37%
27 K (hitter)Carlos Correa
26%
18 G, 85 PAGeorge Springer
26%
8 HRAJustin Verlander
22%
6 HRAZack Greinke
11%
38 PA, .250 SLG%Josh Reddick
4%
1.011 OPSDJ LeMahieu
0%
2.1 IPJoe Kelly
0%
12 H, 4 2BMarcell Ozuna
0%
3 IP, 2 SVMark Melancon
0%
2 HBP, 2 GIDPYadier Molina
0%

Score Distribution

Percentile by Number Answered

Percent of People with Each Score

Your Score History

You have not taken this quiz